02375nam a2200361 i 4500001001000000003000900010005001700019007000300036008004100039020001500080040003000095041000800125082003100133111007200164245021100236264007200447300004100519336002700560337003300587338002800620490004700648500007400695504004900769505068900818586006501507650004601572650005901618650008001677651008401757700005601841700004501897710007101942000022577DO-SdBNP20250902184721.0ta090701s2000 dr d r 000 0 spa d a9993430188 aDO-SdBNPbspacBNPHUerda aspa 4a330.97293bC744n, 19992222 aConcurso Biblioteca ¨Juan Pablo Duarte¨ d(1999 :cSanto Domingo)10aNueva literatura económica dominicana :bpremios del concurso "Biblioteca Juan Pablo Duarte", 1999/cMagín J. Díaz Domingo ; edición, José Alcántara Almánzar ; prólogo, José Luis Alemán. 1aSanto Domingo :bBanco Central de la República Dominicana,c2000. a345 páginas :bgráfcos ;c23 cm. atextobtxt2rdacontent asin mediaciónbn2rdamedia avolumenbnc2rdacarrier0 aBanco Central de la República Dominicana aIncluye referencias bibliográficas y notas al pie de las páginas. aBibliografía : páginas 117-121, 333- 3340 aUn modelo macroeconómico de corto plazo para proyecciones y análisis de políticas: el caso de República Dominicana / Magín J. Díaz Domingo -- La medición del riesgo de mercado de las instituciones financieras dominicanas. Impactos del surgimiento de un mercado de derivados en la cobertura y reducción de dicho riesgo / Rolando Reyes -- Ha sido el tipo de cambio Ancla Nominal de la inflación en la República Dominicana? / Loraine Cruz de Santana, Dayana Lora de Vio -- La inflación subyacente en la República Dominicana: una propuesta para el diseño de política monetaria e indicador de desempeño de las autoridades monetarias / Loraine Cruz de Santana. aPremios del Concurso de Biblioteca "Juan Pablo Duarte" 1999. 4aEconomíavCongresos, conferencias, etc. 4aCrecimiento económicovCongresos, conferencias, etc. 4aPolítica monetariazRepública DominicanavCongresos, conferencias, etc. 4aRepública DominicanaxCondiciones económicasvCongresos, conferencias, etc.1 aAlcántara Almánzar, José,d1946-eeditor4ed.1 aAlemán, José Luis,eprologuista4pr.2 aBanco Central de la República DominicanabDepartamento Cultural.